| 000 | 00778nam a22002177a 4500 | ||
|---|---|---|---|
| 001 | 2162214035923969 | ||
| 003 | UA-OsUOA | ||
| 005 | 20230817141706.0 | ||
| 008 | 230817b un ||||| |||| 00| 0 ukr d | ||
| 040 |
_aUA-OsUOA _bukr _cUA-OsUOA _dUA-OsUOA |
||
| 041 | _aukr | ||
| 080 | _a050(477+569.4) | ||
| 090 | _a050(477+569.4) | ||
| 245 | _aДіялоги | ||
| 246 | _aДиалоги | ||
| 260 |
_aЄрусалим _bТовариство Єврейсько-Українських Зв'язків в Ізраїлі _c1983 |
||
| 300 | _a189 с. | ||
| 490 |
_aКвартальник Громадсько-політичний та літературний _vЧЧ 1-2, 1983 р. |
||
| 650 |
_2UDC _a050 Серіальні видання. Періодика |
||
| 942 |
_2udc _cBK |
||
| 999 |
_c574910 _d574910 |
||